[Event "Speed Chess Super Swiss"]
[Site "Chess.com INT"]
[Date "2021.10.16"]
[Round "5"]
[White "Novik, Maxim"]
[Black "Volovich, Vasily"]
[Result "0-1"]
[WhiteElo "2438"]
[BlackElo "2177"]
[PlyCount "156"]
[EventDate "2021.10.16"]
[EventType "swiss (blitz)"]
[EventRounds "15"]
[EventCountry "USA"]
[SourceTitle "CBM 204 Extra"]
[Source "ChessBase"]
[SourceDate "2021.11.30"]
[SourceVersion "1"]
[SourceVersionDate "2021.11.30"]
[SourceQuality "1"]

1. Nf3 Nf6 2. g3 g6 3. Bg2 Bg7 4. d4 0-0 5. 0-0 d5 6. c4 dxc4 7. Na3 Be6 8. Ng5 Bd5 9. e4 h6 10. exd5 hxg5 11. Nxc4 Nxd5 12. Bxg5 c6 13. Re1 Re8 14. h4 Nd7 15. h5 gxh5 16. Qxh5 N7f6 17. Qh4 Qd7 18. Rad1 Qf5 19. Rd2 Rad8 20. Bh3 Qh7 21. Na5 Qxh4 22. Bxh4 Rb8 23. Bg5 e6 24. Nc4 Nb6 25. Ne5 Nfd7 26. Bf4 Rbd8 27. Nf3 Nf8 28. Red1 Ng6 29. Bg5 Rd7 30. a3 Nc4 31. Rc2 Nd6 32. Bg2 Nf5 33. Rcd2 Nge7 34. g4 Nd6 35. Ne5 Rc7 36. Be3 Rd8 37. f4 Nb5 38. Bf2 Nd5 39. f5 exf5 40. gxf5 Re7 41. Bh4 Bf6 42. Bg3 Rde8 43. Re1 Nxd4 44. Rxd4 Bxe5 45. Bxe5 Rxe5 46. Rxe5 Rxe5 47. Be4 Kg7 48. Kf2 Kf6 49. Kf3 Ke7 50. b4 Kd6 51. Rd3 Re8 52. Rd2 Rh8 53. Bxd5 cxd5 54. Kg4 Rg8+ 55. Kf4 Rh8 56. Kg5 Rh3 57. Kf6 Rxa3 58. Kxf7 Rb3 59. f6 Rxb4 60. Ke8 Rf4 61. f7 b5 62. f8Q+ Rxf8+ 63. Kxf8 b4 64. Kf7 a5 65. Kf6 a4 66. Kf5 a3 67. Rd4 b3 68. Rb4 a2 69. Rb6+ Kc5 70. Rxb3 a1Q 71. Rb8 Qf1+ 72. Ke6 Qd3 73. Kd7 Kd4 74. Rc8 Qe3 75. Rc6 Qe4 76. Rd6 Ke3 77. Re6 Kf4 78. Rf6+ Ke3 0-1

[Event "Speed Chess Super Swiss"]
[Site "Chess.com INT"]
[Date "2021.10.16"]
[Round "12"]
[White "Volkov, Maksim"]
[Black "Volovich, Vasily"]
[Result "0-1"]
[WhiteElo "2153"]
[BlackElo "2177"]
[PlyCount "46"]
[EventDate "2021.10.16"]
[EventType "swiss (blitz)"]
[EventRounds "15"]
[EventCountry "USA"]
[SourceTitle "CBM 204 Extra"]
[Source "ChessBase"]
[SourceDate "2021.11.30"]
[SourceVersion "1"]
[SourceVersionDate "2021.11.30"]
[SourceQuality "1"]

1. d4 e6 2. c4 Nf6 3. g3 d5 4. Nf3 dxc4 5. Bg2 a6 6. 0-0 Nc6 7. e3 Rb8 8. Qe2 b5 9. b3 cxb3 10. axb3 Be7 11. Bb2 0-0 12. Rc1 Bb7 13. Nc3 Nb4 14. Ne5 Bxg2 15. Kxg2 c5 16. dxc5 Bxc5 17. Nxb5 Rxb5 18. Rxa6 Qd5+ 19. Nf3 Rfb8 20. Raa1 Qxb3 21. Bxf6 gxf6 22. Nd4 Bxd4 23. Qg4+ Rg5 0-1

[Event "Speed Chess Super Swiss"]
[Site "Chess.com INT"]
[Date "2021.10.16"]
[Round "1"]
[White "Volovich, Vasily"]
[Black "Matveeva, Olga"]
[Result "1-0"]
[WhiteElo "2177"]
[BlackElo "2145"]
[PlyCount "53"]
[EventDate "2021.10.16"]
[EventType "swiss (blitz)"]
[EventRounds "15"]
[EventCountry "USA"]
[SourceTitle "CBM 204 Extra"]
[Source "ChessBase"]
[SourceDate "2021.11.30"]
[SourceVersion "1"]
[SourceVersionDate "2021.11.30"]
[SourceQuality "1"]

1. e4 e6 2. d4 d5 3. Bd3 dxe4 4. Bxe4 Nf6 5. Bf3 c5 6. Ne2 Nc6 7. Be3 cxd4 8. Nxd4 Ne5 9. Nc3 a6 10. 0-0 Be7 11. Qe2 0-0 12. Rad1 Nxf3+ 13. Qxf3 Qa5 14. h3 Rd8 15. Rd3 Rb8 16. Rfd1 Bd7 17. Nb3 Qc7 18. Bf4 e5 19. Bg3 Bc6 20. Qf5 Nd7 21. Nd5 Bxd5 22. Rxd5 Nf8 23. Bxe5 Rxd5 24. Rxd5 Qc8 25. Bxb8 Qxb8 26. Qe5 Qc8 27. Qxe7 1-0

[Event "Titled Tuesday intern op 29th June"]
[Site "Chess.com INT"]
[Date "2021.06.29"]
[Round "3"]
[White "Volovich, Vasily"]
[Black "Buscar, Michael"]
[Result "1-0"]
[WhiteElo "2177"]
[BlackElo "2088"]
[PlyCount "133"]
[EventDate "2021.06.29"]
[EventType "swiss (blitz)"]
[EventRounds "11"]
[EventCountry "USA"]
[SourceTitle "CBM 203 Extra"]
[Source "ChessBase"]
[SourceDate "2021.09.30"]
[SourceVersion "1"]
[SourceVersionDate "2021.09.30"]
[SourceQuality "1"]

1. e4 c5 2. Nf3 Nc6 3. Bb5 Nf6 4. Bxc6 dxc6 5. d3 g6 6. h3 Bg7 7. Nc3 0-0 8. Be3 b6 9. Qd2 Ne8 10. Bh6 Nc7 11. 0-0 Ne6 12. Rae1 Nd4 13. Nxd4 Qxd4 14. Bxg7 Kxg7 15. Kh1 c4 16. Ne2 Qxb2 17. d4 Qxa2 18. Ra1 c3 19. Qxc3 Qe6 20. d5+ Qf6 21. e5 Qh4 22. e6+ Qf6 23. Qxc6 Rb8 24. Rxa7 Kh8 25. Qc7 Bxe6 26. dxe6 Qxe6 27. Qxe7 Qc4 28. Rc7 Qb5 29. c4 Qb2 30. Ng3 Rbe8 31. Qd6 b5 32. Rb7 Rd8 33. Qe7 Rde8 34. Qc5 Qc3 35. Qxb5 Re1 36. Qc5 Rd8 37. Rb1 Re5 38. Qc7 Rf8 39. Rbc1 Qb2 40. Rb1 Qc3 41. Rfc1 Qd4 42. Rd1 Qc3 43. Rbc1 Qb2 44. c5 Ree8 45. Rf1 Rc8 46. Qd6 Rcd8 47. Qb6 Qd4 48. Rcd1 Qxd1 49. Rxd1 Rxd1+ 50. Kh2 Kg8 51. c6 Rc1 52. Ne4 Rc8 53. Nf6+ Kh8 54. Qd4 R1xc6 55. Ne8+ f6 56. Nxf6 Kg7 57. Nd7+ Kh6 58. Qh4+ Kg7 59. Qe7+ Kh6 60. Ne5 R6c7 61. Ng4+ Kh5 62. Nf6+ Kh6 63. Ng4+ Kh5 64. Qe5+ g5 65. Qf5 h6 66. Nf6+ Kh4 67. Qg4# 1-0